○○の○○の部分クイズ - Statistics

General Stats
  • This quiz has been taken 63 times
  • The average score is 13 of 46
Answer Stats
の部分 % Correct
エロ漫画 ロマン
77%
たこわさ 怖さ
73%
浮気者 うわキモ
71%
口は災いの元 チワワ
65%
リスニング試験要項 具志堅用高
63%
あたたかい たたかい
60%
キッチンポリ袋 チンポ
60%
千葉ニュータウン中央 うんち
46%
おめでとうだいすき 東大
44%
約束 クソ
42%
175cm以下は低身長 ちいかわ
38%
水族館 遺族
35%
小児科に行くらしい ウニ・カニ・イクラ
33%
二時間飲み放題 菅野美穂
33%
志摩スペイン村 淫夢
33%
クラウンコンフォート ウンコ
33%
二時間飲み放題 菅野美穂
33%
コインランドリー 淫乱鳥
29%
三回見たら死ぬ絵 みたらし
29%
マイナンバーカード バーカ
29%
めちゃくちゃ今更だけどさ チャイマサラ
27%
養蜂方法褒められた ウホウホウホウホ
27%
生活リズム イカ釣り
25%
ごめん、同級会には行けません 面倒
25%
昔付き合ってた人 加湿器
23%
「うわあ蟹だあ!」って言ったらバカにされた タラバカニ
19%
愚か者は死に値する カモノハシ
19%
柊マグネタイト 寝たい
19%
すぐに口から出す子や、カチャカチャと食器で からだすこやか茶
17%
うんこ漢字ドリル 股間自撮り
17%
兵庫県伊丹市 動けん痛み
17%
気持ちはわかるよ キモチワワ
15%
餅つき機 キキ
13%
姫路城 ジジ
13%
彼氏いない歴 イナイレ
13%
空気よりも軽い気体といえばHやHeが有名ですが 生きたいと言え
10%
クイズしよう。なんか枕投げとかして 湘南鎌倉
10%
カプリチョーザ 李徴
10%
え〜彼女さん厳しい〜 予算厳しい
8%
北海道大学 移動代が苦
8%
21歳、拳で サイコ武士
8%
お客様やよい軒のご利用は初めてですか? 草間彌生
8%
読影診断後 グエー死んだンゴ
8%
きっと何者にもなれないお前たちに告げる 煮物にもなれないお前たち煮
6%
イギリスがEUから離脱 菅井友香
6%
君といると落ち着くね つくね
6%
No matching quizzes found
Score Distribution
Percent of People with Each Score
Percentile by Number Answered
Your Score History
You have not taken this quiz